000 00275nam a2200121 a 4500
005 20141022142003.0
008 120308s19uu xx 00 eng d
050 _aCD-ROM
_bK28 2007
245 _aPsychiatric nursing.
250 _a5th ed.
260 _c2007.
942 _cAVM
999 _c276384
_d276384